000 01655nam0a2200337 4500
001 RU\NLR\bibl\62042
005 20250616091920.0
010 _a5-7890-0087-8
_9150
021 _aRU
_b99-39577
_91953
035 _a(NLR Aleph) 000060538
090 _a329520
_c329520
100 _a19991203d1998 |||y0rusy50 ca
101 0 _arus
102 _aRU
105 _aa |||||||||
200 1 _aОсновы теории функций комплексного переменного
_eУчеб. пособие
_e[Для студентов всех спец.]
_fМ.А. Краплин, Р.А. Аржанова, Л.А. Волкова и др.
_g[Науч. ред. к.т.н., доц. Е.А. Тарасов]
_gМ-во общ. и проф. образования Рос. Федерации, Дон. гос. техн. ун-т
210 _aРостов н/Д
_cДГТУ
_d1998
215 _a76 с.
_cил.
_d20
606 0 _aФункции комплексного переменного
_jРуководства, пособия и т.п. для высшей школы
_xТеория
_91882510
_3RU\NLR\auth\661145985
606 0 _aФункции комплексного переменного
_jУчебные издания для высшей школы
_xТеория
_91882510
_3RU\NLR\auth\661145985
686 _aВ161.5я73-1
701 1 _aКраплин
_bМ. А.
_4070
701 1 _aАржанова
_bР. А.
_4070
701 1 _aВолкова
_bЛ. А.
_4070
702 1 _aТарасов
_bЕ. А.
_4340
801 0 _aRU
_bNLR
_c19991203
_gPSBO
801 1 _aRU
_bNLR
_c19991203
852 _aNLR
_j99-4/8074
942 _cBOOK
980 _aNB